MDQL
is popping MORE tags! Check the
thread
!
Quizzes
Events
Quiz Creation
Community
Videos
Private Events
Remove Ads
Sign In
Join for FREE
Feedback
Dark Mode
Quiz Categories
Sports
Geography
Music
Movies
Television
Just For Fun
Miscellaneous
History
Literature
Language
Science
Gaming
Entertainment
Religion
Holiday
For Kids
Quiz Lab
Recent
Popular Today
Quiz Kudos Today
Editor Picks
Curator Picks
Quizzes by...
Day
Popularity
Type
Ratings
Length
Year
Community
Subscriptions
Recent Discussions
Orange Saloon
Badges
Playlists
Quests
Create
Leaderboards
Showdown
Live 5
Trivia Bingo
Activity
Puzzle Library
Sporcle Events
Private Events
Virtual Trivia
Globe League
Become a Host
Pub Owners
SporcleCon
Opinionation
Our Games
Videos
Blog
Mobile Apps
Partnerships
Remove Ads and Go Orange
Feedback
Sports
Athletes
MLB
NBA
NHL
NFL
Soccer
Sports Teams
WWE
NCAA
Football
Premier League
Basketball
Baseball
Hockey
Golf
Tennis
Cricket
Rugby
Auto Racing
Olympics
World Cup
Sports
Athletes
MLB
NBA
NHL
NFL
Soccer
Sports Teams
WWE
NCAA
Football
Premier League
Basketball
Baseball
Hockey
Golf
Tennis
Cricket
Rugby
Auto Racing
Olympics
World Cup
Random Quiz
Search Sporcle
×
Quiz Lab
Quiz Lab
Sports
UEFA Champions' League
Type in answers that appear in a list
Type in answers that appear in a list
Classic
Best Score? Go Orange.
UEFA Champions League XIs 2012-13 (L-Z) Stats
Can you name the UEFA Champions League XIs 2012-13 (L-Z)?
By
culverhouse
20m
176 Questions
160 Plays
160 Plays
160 Plays
Comments
Comments
Give Quiz Kudos
Give Quiz Kudos
-
- Ratings
hide this ad
Replay
Link that replays current quiz
Next Quiz
Link to next quiz in quiz playlist
You Got
0%
They Got
Avg Score
45%
Avg Friend Score
Upgrade to see
Score Distribution
Jump to the score distribution portion of the page
Score
0/176
Timer
20:00
0
Plays Today
% Correct
Rafael
95.6%
Thiago Silva
95.6%
Joe Hart
93.8%
David de Gea
93.1%
Sergio Agüero
92.5%
Wayne Rooney
92.5%
Cristiano Ronaldo
91.3%
Vincent Kompany
90.6%
Rio Ferdinand
90%
Zlatan Ibrahimović
90%
Sergio Ramos
88.8%
Edin Džeko
88.1%
Diego López
88.1%
Gaël Clichy
86.9%
Christian Abbiati
86.3%
Pablo Zabaleta
85.6%
Michael Carrick
85.6%
Pepe
85.6%
Robin van Persie
85%
Yaya Touré
84.4%
Fernandinho
82.5%
Patrice Evra
81.3%
Ángel Di María
80%
Mesut Özil
80%
Hulk
80%
Salvatore Sirigu
79.4%
Javier Pastore
79.4%
Álvaro Arbeloa
79.4%
Gareth Barry
78.8%
Marco Verratti
76.9%
Ezequiel Lavezzi
76.3%
Sami Khedira
76.3%
Maxwell
75.6%
Blaise Matuidi
75.6%
Martín Demichelis
75%
Isco
75%
Xabi Alonso
74.4%
Samir Nasri
73.8%
Ignazio Abate
73.8%
Jermaine Jones
73.8%
Danny Welbeck
73.1%
Klaas-Jan Huntelaar
72.5%
Javier Hernández
70.6%
Kevin-Prince Boateng
70.6%
Fernando
70.6%
Philippe Mexès
70%
Raphaël Varane
70%
Andriy Pyatov
70%
Jonny Evans
69.4%
Alex
68.8%
Fábio Coentrão
68.1%
Tom Cleverley
66.9%
Benedikt Höwedes
66.9%
Willian
66.3%
James Rodríguez
65.6%
Riccardo Montolivo
65%
Helton
65%
Jackson Martínez
64.4%
Darijo Srna
64.4%
% Correct
Luiz Adriano
64.4%
Matija Nastasić
63.8%
Marvin Martin
62.5%
Nicolás Otamendi
62.5%
Ricardo Costa
61.9%
Tino Costa
61.9%
Roberto Soldado
60%
Axel Witsel
57.5%
Bruno Alves
56.9%
Julian Draxler
56.3%
Christophe Jallet
53.8%
Lucho González
53.8%
Javi García
53.1%
João Pereira
53.1%
Adil Rami
53.1%
Cristián Zapata
51.3%
Vyacheslav Malafeev
50%
Eliaquim Mangala
48.8%
Jefferson Farfán
48.1%
Aleksandr Kerzhakov
48.1%
Willy Caballero
47.5%
Stephan El Shaarawy
47.5%
João Moutinho
46.3%
Aleksandr Anyukov
45.6%
Kostas Mitroglou
45%
Mattia De Sciglio
44.4%
Jérémy Toulalan
42.5%
Giampaolo Pazzini
42.5%
Danilo
42.5%
Joël Matip
42.5%
Răzvan Raţ
42.5%
Igor Denisov
42.5%
Mathieu Debuchy
41.9%
Joaquín
41.3%
Atsuto Uchida
41.3%
Domenico Criscito
40%
Mickaël Landreau
39.4%
Younès Belhanda
39.4%
Eliseu
38.8%
Urby Emanuelson
38.8%
Jérémy Ménez
38.8%
Yaroslav Rakitskiy
36.3%
Dani Parejo
36.3%
Alex Sandro
35.6%
Nicolas Lombaerts
35%
Hilton
33.8%
Kostas Manolas
33.1%
Souleymane Camara
32.5%
Kévin Constant
30.6%
Rémy Cabella
30.6%
Vasilis Torosidis
30.6%
José Holebas
30.6%
Ari
30%
Vicente Guaita
30%
Aurélien Chedjou
29.4%
Christian Fuchs
29.4%
Oleksandr Kucher
29.4%
Alex Teixeira
28.8%
Henrikh Mkhitaryan
28.8%
% Correct
Joshua John
28.1%
Sofiane Feghouli
28.1%
Roman Shirokov
28.1%
Javier Saviola
27.5%
Jonas
27.5%
Jesús Gámez
26.9%
Ignacio Camacho
26.9%
Tomáš Hübschman
26.9%
Florent Balmont
25.6%
Mapou Yanga-Mbiwa
25.6%
Salomon Kalou
24.4%
Roman Neustädter
23.8%
Lars Unnerstall
23.1%
Benoît Pedretti
22.5%
Giannis Maniatis
21.9%
José Manuel Jurado
21.9%
Weligton
21.3%
Silvestre Varela
21.3%
Dmitri Kombarov
20%
Franck Béria
19.4%
Dimitri Payet
19.4%
Geoffrey Jourdren
18.8%
Lewis Holtby
16.9%
Henri Bedimo
16.3%
Enoch Adu
16.3%
Tomáš Hubočan
15.6%
Nicolás Pareja
15%
Aly Cissokho
15%
Lucas Digne
13.8%
Garry Bocaly
11.3%
Anthony Mounier
11.3%
Idrissa Gana Gueye
10.6%
Jamel Saihi
10.6%
Emmanuel Emenike
10.6%
Manuel Iturra
10%
Andrés Guardado
10%
Marco Estrada
9.4%
Roy Carroll
8.8%
Leandro Greco
8.8%
Paulo Machado
8.1%
François Modesto
8.1%
Patrick Mtiliga
7.5%
Djamel Abdoun
7.5%
Kim Källström
7.5%
Rafael Carioca
7.5%
Jores Okore
6.9%
Pablo Contreras
6.9%
Andriy Dykan
6.9%
Marek Suchý
6.9%
Yevgeni Makeyev
6.9%
Søren Christensen
6.3%
Juan Insaurralde
6.3%
Jesper Hansen
5.6%
Mikkel Beckmann
5%
Kasper Lorentzen
5%
Nikolai Stokholm
3.1%
Michael Parkhurst
1.9%
Ivan Runje
1.9%
Quiz Playlist
Details
Report
Send in Message
Add To Playlist
Classic:
Type in answers that appear in a list
Quiz Source
Last Updated: Jul 24, 2021
Quiz Scoreboard
CHALLENGE
Sign Up to Join the Scoreboard
Show All
Scores
Hide
Comments
May contain spoilers
Recently Published
Colored Red Africa Blitz
by spor1
Geography
30s
Find the 'City' Movie
by crazypaving
Movies
60s
5x2 Blitz: Bands
by SL_Kpop136
Music
30s
More to Explore
Quiz From the Vault
Featured Blog Post
14 Easter Pick-up Lines to Find Eggs With
hide this ad
You Might Also Like...
Tags
2012-2013
UEFA Champions' League
UEFA Champions' League XIs
Today's Top Quizzes in Sports
Browse Sports
hide this ad
Today's Top Quizzes in UEFA Champions' League
Browse UEFA Champions' League
Top Contributed Quizzes in Sports
1
Players with Multiple 50 Home Run Seasons
2
Criteria MLB: Left Handed Sluggers
3
MLB Players with Two .350 Batting Average Seasons
4
Who Hit More Homers?
5
Premier League Clubs since 2000 (minefield)
6
Who Needs Fielders?
7
2020 F1 Drivers Logic Puzzle
8
Les entraîneurs de l'OM et du PSG au 21e siècle
9
Top 10 NHL Goal Scorers of All Time
10
MLB Hall of Famer by Rings
Explore More
Trending Topics
Crossword
Anime
Harry Potter
Kpop
NBA
Marvel
Disney
The Office
Puzzle
Country
Soccer
Song
NFL
WWE
Pokémon
hide this ad
More By:
culverhouse
Quiz
Plays
Rating
Category
Featured
Created
Top XIs: Scotland (1980s/1990s)
7,011
5.00
Sports
Apr 1, 2016
FA Premier League XIs 2016-17
6,452
4.70
Sports
May 23, 2017
Top XIs: Liverpool (1980s)
6,070
5.00
Sports
Jul 1, 2016
Top XIs: Manchester United (1980s)
5,952
5.00
Sports
Jul 1, 2016
UEFA Champions League last 16 XIs 2018-19
5,531
4.89
Sports
Jun 1, 2019
Go to Creator's Profile
Score Distribution
Quiz Creator Spotlight
culverhouse
Follow
Send a Message
Quizzes Created
-
Created Quiz Play Count
-
More By This Creator
Popular Quizzes Today
1
Find the 'City' Movie
2
5x2 Blitz: Bands
3
Colored Red Africa Blitz
4
Find the US States - No Outlines Minefield
5
The Countries of the World
6
Find the US States
7
9x9 Crossword: Cartoon Network
8
US States
More Sports Quizzes
Consecutive World Cup Teams
Published
Trending Quizzes
Colored Red Europe Blitz I
Colored Red Africa Blitz II
Colored Red Africa Blitz III
Colored Red Europe Blitz III
Colored Red Europe Blitz II
Recently Updated
Champions League XIs: Real Madrid
pecheneg
Largest US Cities 1790-2010
pecheneg
Rides in Walt Disney World
pecheneg
Most Oscar Losses (Acting)
pecheneg
Beyoncé Albums
pecheneg
Leaping Animals
pecheneg
Reality TV Shows (A-Z)
bhenderson79
Rickey Henderson's Hall of Fame Teammates
pecheneg
Champions League XIs: Arsenal
pecheneg
Quick Pick: Celebrities in WWE's Hall of Fame
aduchscher
Trending Topics
Disney
Marvel
Anime
Harry Potter
NBA
Kpop
Crossword
Pokémon
Soccer
Puzzle
WWE
The Office
NFL
Song
Country
Your Account Isn't Verified!
In order to create a playlist on Sporcle, you need to verify the email address you used during registration. Go to your
Sporcle Settings
to finish the process.
Report this User
Report this user for behavior that violates our
Community Guidelines
.
Details:
Send Report
Go to the Sporcle.com Mobile Site →
Comments